<?xml version="1.0" encoding="UTF-8"?><?xml-stylesheet type="text/xsl" href="static/style.xsl"?><OAI-PMH xmlns="http://www.openarchives.org/OAI/2.0/" xmlns:xsi="http://www.w3.org/2001/XMLSchema-instance" xsi:schemaLocation="http://www.openarchives.org/OAI/2.0/ http://www.openarchives.org/OAI/2.0/OAI-PMH.xsd"><responseDate>2026-04-17T19:02:14Z</responseDate><request verb="GetRecord" identifier="oai:www.recercat.cat:10256/9445" metadataPrefix="marc">https://recercat.cat/oai/request</request><GetRecord><record><header><identifier>oai:recercat.cat:10256/9445</identifier><datestamp>2024-06-18T11:11:13Z</datestamp><setSpec>com_2072_452955</setSpec><setSpec>com_2072_2054</setSpec><setSpec>col_2072_452964</setSpec></header><metadata><record xmlns="http://www.loc.gov/MARC21/slim" xmlns:dcterms="http://purl.org/dc/terms/" xmlns:xsi="http://www.w3.org/2001/XMLSchema-instance" xmlns:doc="http://www.lyncode.com/xoai" xsi:schemaLocation="http://www.loc.gov/MARC21/slim http://www.loc.gov/standards/marcxml/schema/MARC21slim.xsd">
   <leader>00925njm 22002777a 4500</leader>
   <datafield ind2=" " ind1=" " tag="042">
      <subfield code="a">dc</subfield>
   </datafield>
   <datafield ind2=" " ind1=" " tag="720">
      <subfield code="a">Cervini Plá, María</subfield>
      <subfield code="e">author</subfield>
   </datafield>
   <datafield ind2=" " ind1=" " tag="720">
      <subfield code="a">Ramos, Xavier</subfield>
      <subfield code="e">author</subfield>
   </datafield>
   <datafield ind2=" " ind1=" " tag="260">
      <subfield code="c">2013</subfield>
   </datafield>
   <datafield ind2=" " ind1=" " tag="520">
      <subfield code="a">This paper examines the role of assortative mating in the intergenerational economic mobility in Spain. Sons and daughters usually marry individuals with similar characteristics, which may lower mobility. Our empirical strategy employs the Two-sample two-stage least squares estimator to estimate the intergenerational income elasticity in absence of data for two generations not residing in the same household. Our findings suggest that assortative mating plays an important role in the intergenerational transmission process. On average about 50 per 100 of the covariance between parents’ income and child family’s income&#xd;
can be accounted for by the person the child is married to</subfield>
   </datafield>
   <datafield ind2=" " ind1=" " tag="520">
      <subfield code="a">Este trabajo analiza la influencia del emparejamiento selectivo sobre la movilidad intergeneracional económica en España. Las personas se emparejan con personas de características similares, lo que genera una menor movilidad. Nuestra estrategia empírica utiliza el estimador por Mínimos Cuadrados con Dos Muestras en Dos Etapas para estimar la elasticidad intergeneracional de rentas con ausencia de datos de dos generaciones que no residen en el mismo domicilio. La evidencia que encontramos sugiere que el emparejamiento selectivo desempeña un papel importante en el proceso de transmisión intergeneracional. En promedio cerca del 50 por 100 de la covarianza entre el ingreso de los padres y el de las familias de los hijos puede ser atribuida a la persona con la que el hijo o hija se ha emparejado</subfield>
   </datafield>
   <datafield ind1="8" ind2=" " tag="024">
      <subfield code="a">http://hdl.handle.net/10256/9445</subfield>
   </datafield>
   <datafield tag="653" ind2=" " ind1=" ">
      <subfield code="a">Renda -- Distribució -- Models matemàtics</subfield>
   </datafield>
   <datafield tag="653" ind2=" " ind1=" ">
      <subfield code="a">Income distribution -- Mathematical models</subfield>
   </datafield>
   <datafield ind2="0" ind1="0" tag="245">
      <subfield code="a">Movilidad intergeneracional y emparejamiento selectivo en España</subfield>
   </datafield>
</record></metadata></record></GetRecord></OAI-PMH>